[Event "2017 Oceania Zone 3.6 Zonal Championshi"]
[Site "Auckland NZL"]
[Date "2017.01.17"]
[Round "5.34"]
[White "Buciu, Aurel-John"]
[Black "Narenthran, Tharmaratnam"]
[Result "0-1"]
[WhiteElo "1718"]
[BlackElo "1909"]
[PlyCount "62"]
[EventDate "2017.01.14"]

1. d4 d5 2. Bf4 Nf6 3. Nf3 c5 4. c3 Nc6 5. e3 Qb6 6. Qb3 c4 7. Qc2 Bf5 8. Qc1
h6 9. h3 e6 10. Be2 Be7 11. Nbd2 Rc8 12. O-O Qd8 13. Ne5 Nxe5 14. Bxe5 Bd6 15.
Bxd6 Qxd6 16. Bd1 O-O 17. Bc2 Bxc2 18. Qxc2 b5 19. a3 a5 20. e4 Qb6 21. e5 Nd7
22. f4 b4 23. axb4 axb4 24. Rfb1 f6 25. Kh2 fxe5 26. fxe5 b3 27. Qg6 Rf2 28.
Nf1 Rcf8 29. Ne3 Nxe5 30. Nxd5 Nf3+ 31. Kh1 Qd6 0-1

[Event "2017 Oceania Zone 3.6 Zonal Championshi"]
[Site "Auckland NZL"]
[Date "2017.01.17"]
[Round "5.35"]
[White "Russell, Paul"]
[Black "Booth, Anthony J"]
[Result "1-0"]
[WhiteElo "1882"]
[BlackElo "1716"]
[PlyCount "61"]
[EventDate "2017.01.14"]

1. e4 c5 2. Nf3 d6 3. d4 cxd4 4. Nxd4 Nf6 5. Nc3 a6 6. f3 g6 7. Be3 Bg7 8. Qd2
h5 9. O-O-O Bd7 10. Bd3 Nc6 11. h3 Qa5 12. Nb3 Qc7 13. g4 Ne5 14. g5 Nh7 15.
Nd5 Nxd3+ 16. Qxd3 Qb8 17. Bb6 Bb5 18. Qd2 Kd7 19. Nc7 Kc8 20. f4 Bc6 21. Rhe1
Nf8 22. Nc5 Nd7 23. Nxd7 Kxd7 24. e5 Bf3 25. exd6 Bxd1 26. dxe7+ Kc6 27. Qb4
Bf3 28. Qc5+ Kd7 29. Re3 Bc6 30. Rd3+ Kc8 31. Qd6 1-0

[Event "2017 Oceania Zone 3.6 Zonal Championshi"]
[Site "Auckland NZL"]
[Date "2017.01.17"]
[Round "5.36"]
[White "Zhang, William Jiewen"]
[Black "Lu, Lillian"]
[Result "1-0"]
[WhiteElo "1856"]
[BlackElo "1710"]
[PlyCount "79"]
[EventDate "2017.01.14"]

1. d4 e6 2. c4 d5 3. Nc3 Nf6 4. cxd5 exd5 5. Bg5 Be7 6. Qc2 O-O 7. e3 b6 8. Nf3
Bb7 9. Bd3 Nbd7 10. O-O Ne4 11. Bxe7 Qxe7 12. Rab1 c5 13. Rfe1 Rac8 14. Rbc1
Rfe8 15. h3 Qf6 16. Qa4 Bc6 17. Bb5 Nxc3 18. Rxc3 Bxb5 19. Qxb5 Qd6 20. Rec1
Rc7 21. Ne5 a6 22. Qxa6 Nxe5 23. dxe5 Rxe5 24. Qa8+ Qf8 25. Ra3 Re8 26. Qxd5
Rd8 27. Qe4 Rcd7 28. Rb3 Qd6 29. Rc2 Qc7 30. g3 Rd1+ 31. Kg2 h6 32. Ra3 Qc8 33.
b4 Re8 34. Qf3 Rd6 35. bxc5 bxc5 36. Ra7 Rf6 37. Qd5 Rf5 38. Qd7 Rfe5 39. Qxf7+
Kh8 40. Qxg7# 1-0

[Event "2017 Oceania Zone 3.6 Zonal Championshi"]
[Site "Auckland NZL"]
[Date "2017.01.17"]
[Round "5.37"]
[White "Davis, Tony J"]
[Black "Shen, Terry"]
[Result "1-0"]
[WhiteElo "1851"]
[BlackElo "1706"]
[PlyCount "85"]
[EventDate "2017.01.14"]

1. e4 c5 2. d4 cxd4 3. c3 dxc3 4. Nxc3 e6 5. Bc4 Nc6 6. Nf3 a6 7. O-O Qc7 8.
Bb3 Nf6 9. Re1 d6 10. Bf4 Nh5 11. Be3 Be7 12. Rc1 O-O 13. Nd5 exd5 14. exd5 Nf6
15. dxc6 bxc6 16. Nd4 c5 17. Bf4 Qd7 18. Ba4 Qc7 19. Nc6 Re8 20. Rxe7 Rxe7 21.
Bxd6 Re1+ 22. Qxe1 Qxd6 23. Rd1 Qxd1 24. Qxd1 Be6 25. Qd6 h6 26. Nd8 Bd7 27.
Nc6 Kh8 28. Bc2 Re8 29. f4 Ng4 30. Ne5 Nxe5 31. fxe5 Be6 32. Qxa6 Rc8 33. Qb7
g6 34. a4 Rd8 35. Qe7 Rg8 36. a5 Bc4 37. a6 Bxa6 38. Qf6+ Kh7 39. Qxa6 Rb8 40.
Qa7 Rf8 41. e6 Kg7 42. e7 Re8 43. Ba4 1-0

[Event "2017 Oceania Zone 3.6 Zonal Championshi"]
[Site "Auckland NZL"]
[Date "2017.01.17"]
[Round "5.39"]
[White "Taylor, Richard"]
[Black "Lim, Christopher"]
[Result "1/2-1/2"]
[WhiteElo "1848"]
[BlackElo "1691"]
[PlyCount "63"]
[EventDate "2017.01.14"]

1. e4 e6 2. d4 d5 3. Nd2 Nf6 4. e5 Nfd7 5. Bd3 c5 6. c3 Nc6 7. Ne2 cxd4 8. cxd4
f6 9. exf6 Nxf6 10. O-O Bd6 11. Nf3 Qc7 12. Bg5 O-O 13. Rc1 Ng4 14. Ng3 g6 15.
a3 Qg7 16. h3 Nxf2 17. Kxf2 Qxd4+ 18. Ke2 Qxb2+ 19. Rc2 Qb6 20. Be3 Qc7 21. Nh1
Bd7 22. Nf2 e5 23. Bxg6 hxg6 24. Qxd5+ Kg7 25. Qd2 Kh8 26. Bc5 Bxc5 27. Qh6+
Kg8 28. Qxg6+ Kh8 29. Qh6+ Kg8 30. Qg6+ Kh8 31. Qh6+ Kg8 32. Qg6+ 1/2-1/2

[Event "2017 Oceania Zone 3.6 Zonal Championshi"]
[Site "Auckland NZL"]
[Date "2017.01.17"]
[Round "5.40"]
[White "Perrin, Kevin J"]
[Black "Plaganyi, Gyula"]
[Result "0-1"]
[WhiteElo "1537"]
[BlackElo "1790"]
[PlyCount "90"]
[EventDate "2017.01.14"]

1. c4 b6 2. Nf3 Bb7 3. e3 Nf6 4. Nc3 e6 5. g3 Bb4 6. Bg2 O-O 7. O-O Qe7 8. a3
Bxc3 9. bxc3 d6 10. d4 Nbd7 11. Bb2 Be4 12. Ng5 Bxg2 13. Kxg2 h6 14. Nf3 Ne4
15. Qd3 f5 16. a4 a5 17. Ba3 g5 18. Nd2 Nxd2 19. Qxd2 Rf7 20. f4 g4 21. Rae1
Nf6 22. d5 exd5 23. cxd5 Qe4+ 24. Kg1 Qxa4 25. Bb2 Qc4 26. Rd1 Re8 27. Qc2 Re4
28. Rd4 Rxd4 29. exd4 Qxd5 30. Re1 Ne4 31. c4 Qc6 32. d5 Qe8 33. Qd3 Rh7 34.
Qd4 h5 35. Kg2 Qg6 36. Re2 h4 37. Qg1 hxg3 38. hxg3 Qh5 39. Kf1 Qh3+ 40. Rg2
Nxg3+ 41. Ke1 Ne4 42. Bd4 Qh1 43. Ke2 Qxg1 44. Bxg1 Rh3 45. Bd4 Kf7 0-1

[Event "2017 Oceania Zone 3.6 Zonal Championshi"]
[Site "Auckland NZL"]
[Date "2017.01.17"]
[Round "5.41"]
[White "Nagorski, Alex"]
[Black "Prasad, Rudr"]
[Result "1-0"]
[WhiteElo "1771"]
[BlackElo "1566"]
[PlyCount "107"]
[EventDate "2017.01.14"]

1. e4 e5 2. Nf3 Nc6 3. Bb5 Nf6 4. O-O Ng4 5. Bxc6 dxc6 6. h3 h5 7. d4 Bd6 8.
dxe5 Nxe5 9. Nxe5 Bxe5 10. Qxd8+ Kxd8 11. Rd1+ Bd7 12. f4 Bd6 13. Be3 f6 14.
Nd2 Re8 15. Kf2 b6 16. Kf3 Be6 17. f5 Bf7 18. Bf4 Kc8 19. g4 Kb7 20. g5 fxg5
21. Bxg5 h4 22. Rg1 Be7 23. Bxe7 Rxe7 24. Kf4 Bh5 25. Nf3 Bxf3 26. Kxf3 Rh8 27.
Rg4 Rh7 28. Rag1 Kc8 29. Kf4 Kd8 30. e5 a5 31. e6 b5 32. Kg5 c5 33. Rxh4 Rxh4
34. Kxh4 c4 35. Kg5 c5 36. f6 gxf6+ 37. Kxf6 Re8 38. Rd1+ Kc7 39. e7 b4 40. Kf7
Rh8 41. e8=Q Rxe8 42. Kxe8 Kc6 43. b3 Kb5 44. h4 cxb3 45. cxb3 a4 46. h5 c4 47.
bxc4+ Kxc4 48. Rd2 b3 49. axb3+ axb3 50. h6 Kc3 51. Rg2 b2 52. Rxb2 Kxb2 53. h7
Kb3 54. h8=Q 1-0

[Event "2017 Oceania Zone 3.6 Zonal Championshi"]
[Site "Auckland NZL"]
[Date "2017.01.17"]
[Round "5.42"]
[White "Crowley, Regan"]
[Black "Fikh, Anthony"]
[Result "1-0"]
[WhiteElo "1761"]
[BlackElo "1553"]
[PlyCount "83"]
[EventDate "2017.01.14"]

1. d4 Nf6 2. c4 e6 3. Nc3 Bb4 4. Qc2 d5 5. e3 O-O 6. Bd3 Nbd7 7. Nge2 b6 8. O-O
Bb7 9. cxd5 exd5 10. Ng3 Re8 11. f3 c5 12. a3 Bxc3 13. bxc3 c4 14. Be2 b5 15.
a4 a6 16. Nf5 Qb6 17. Ba3 g6 18. a5 Qe6 19. Nd6 Qxe3+ 20. Rf2 Reb8 21. Kf1 Ne8
22. Nxb7 Rxb7 23. Re1 Qf4 24. g3 Qf6 25. f4 Nf8 26. Bf3 Rd8 27. Rfe2 Ne6 28.
Re5 Rbd7 29. Kg2 N8c7 30. f5 gxf5 31. Rxf5 Qg7 32. Rf1 Ng5 33. Qd2 Nxf3 34.
R1xf3 Ne6 35. Rf6 Qg5 36. Qf2 Qg7 37. R3f5 Ng5 38. Qe3 Ne4 39. Rxa6 Rb7 40.
Rxd5 Re8 41. Qxe4 Rxe4 42. Ra8+ 1-0

[Event "2017 Oceania Zone 3.6 Zonal Championshi"]
[Site "Auckland NZL"]
[Date "2017.01.17"]
[Round "5.44"]
[White "Li, Rodney Xiang Rui"]
[Black "Notley, David G"]
[Result "0-1"]
[WhiteElo "1525"]
[BlackElo "2036"]
[PlyCount "58"]
[EventDate "2017.01.14"]

1. e4 c5 2. Nf3 g6 3. d4 cxd4 4. Nxd4 Bg7 5. Be3 Nc6 6. Nc3 Nf6 7. f3 d6 8. Qd2
Bd7 9. Bc4 Rc8 10. Bb3 O-O 11. O-O-O Ne5 12. Kb1 Nc4 13. Bxc4 Rxc4 14. g4 Re8
15. h4 h5 16. gxh5 Nxh5 17. f4 Nxf4 18. Bxf4 Rxd4 19. Qg2 Rb4 20. Rd3 Qb6 21.
Bc1 Rc8 22. Nd1 Be6 23. h5 Qa6 24. a3 Rbc4 25. Ne3 Rxc2 26. Nxc2 Qxd3 27. hxg6
Rxc2 28. gxf7+ Bxf7 29. Qxc2 Ba2+ 0-1

[Event "2017 Oceania Zone 3.6 Zonal Championshi"]
[Site "Auckland NZL"]
[Date "2017.01.17"]
[Round "5.45"]
[White "Hair, Philip I"]
[Black "Hooton, Barry R"]
[Result "1-0"]
[WhiteElo "1877"]
[BlackElo "1478"]
[PlyCount "39"]
[EventDate "2017.01.14"]

1. e4 e5 2. Nc3 Nf6 3. Nf3 Nc6 4. a3 Bc5 5. Nxe5 Nxe5 6. d4 Bxd4 7. Qxd4 Nc6 8.
Qd3 h6 9. Bf4 d6 10. O-O-O O-O 11. Be2 Be6 12. Qg3 Kh7 13. e5 Nd7 14. exd6 cxd6
15. Bxd6 Re8 16. f4 Qf6 17. Bd3+ Bf5 18. Nd5 Qxd6 19. Bxf5+ g6 20. Bxd7 1-0

[Event "2017 Oceania Zone 3.6 Zonal Championshi"]
[Site "Auckland NZL"]
[Date "2017.01.17"]
[Round "5.46"]
[White "Liu, John"]
[Black "Picken, Oliver"]
[Result "0-1"]
[WhiteElo "1440"]
[BlackElo "1853"]
[PlyCount "42"]
[EventDate "2017.01.14"]

1. e4 e5 2. Nf3 Nc6 3. Bc4 Bc5 4. Nc3 Nf6 5. d3 h6 6. O-O O-O 7. Re1 d6 8. h3
Be6 9. Be3 Bxe3 10. Rxe3 Bxc4 11. dxc4 Ne7 12. c5 Ng6 13. cxd6 cxd6 14. Rd3 Qb6
15. Na4 Qa6 16. b3 Nxe4 17. Nd2 Nxd2 18. Qxd2 Rad8 19. Rd1 Qc6 20. c4 Nf4 21.
Rxd6 Qxg2# 0-1

[Event "2017 Oceania Zone 3.6 Zonal Championshi"]
[Site "Auckland NZL"]
[Date "2017.01.17"]
[Round "5.47"]
[White "Murdoch, Stephen"]
[Black "Borg, Zen"]
[Result "1/2-1/2"]
[WhiteElo "1438"]
[BlackElo "1709"]
[PlyCount "65"]
[EventDate "2017.01.14"]

1. d4 d5 2. Nf3 Nf6 3. e3 Bg4 4. Nbd2 e6 5. Bd3 c5 6. h3 Bh5 7. c3 Nc6 8. O-O
Be7 9. Qe1 O-O 10. Ne5 Rc8 11. f4 Bg6 12. Nxg6 fxg6 13. Nf3 c4 14. Bc2 Nh5 15.
g4 Nf6 16. Ng5 Qd7 17. e4 dxe4 18. Bxe4 Nxe4 19. Qxe4 Bxg5 20. fxg5 Rxf1+ 21.
Kxf1 Rf8+ 22. Kg2 Ne7 23. Bf4 Nd5 24. Rf1 Nxf4+ 25. Rxf4 Qd5 26. Kf3 Rf7 27. h4
Kf8 28. Rxf7+ Kxf7 29. Kf4 Qd6+ 30. Qe5 Qb6 31. Qe2 Qd6+ 32. Qe5 Qb6 33. Qe2
1/2-1/2

[Event "2017 Oceania Zone 3.6 Zonal Championshi"]
[Site "Auckland NZL"]
[Date "2017.01.17"]
[Round "5.48"]
[White "Dias, Douglas"]
[Black "Mukkattu, Philip"]
[Result "1-0"]
[WhiteElo "1399"]
[BlackElo "1705"]
[PlyCount "107"]
[EventDate "2017.01.14"]

1. d4 c6 2. c4 Nf6 3. Nc3 d5 4. cxd5 cxd5 5. Bf4 a6 6. e3 Nc6 7. Nf3 g6 8. Be2
Bg7 9. a3 Nh5 10. Be5 Nf6 11. h4 Bg4 12. Ng5 Bxe2 13. Qxe2 Qa5 14. h5 h6 15.
Nf3 Nxe5 16. Nxe5 Ne4 17. Rc1 Bxe5 18. dxe5 g5 19. Qd3 Rc8 20. O-O Nxc3 21.
Rxc3 Rxc3 22. Qxc3 Qxc3 23. bxc3 Kd7 24. Rb1 Kc6 25. Kf1 b5 26. Ke2 Rc8 27. Kd3
Kd7 28. Rb4 Ke6 29. a4 Rb8 30. Kd4 g4 31. axb5 Rxb5 32. Rxb5 axb5 33. e4 dxe4
34. Kxe4 f6 35. exf6 exf6 36. f3 gxf3 37. gxf3 f5+ 38. Kd4 Kd6 39. f4 Kc6 40.
Ke5 Kc5 41. Kxf5 Kc4 42. Ke5 Kxc3 43. f5 b4 44. f6 b3 45. f7 b2 46. f8=Q b1=Q
47. Qc5+ Kd3 48. Qd4+ Ke2 49. Qe4+ Qxe4+ 50. Kxe4 Kf2 51. Kf5 Kg3 52. Kg6 Kg4
53. Kxh6 Kf5 54. Kg7 1-0

[Event "2017 Oceania Zone 3.6 Zonal Championshi"]
[Site "Auckland NZL"]
[Date "2017.01.17"]
[Round "5.50"]
[White "Qin, Oscar Shu Xuan"]
[Black "Shen, Kevin"]
[Result "0-1"]
[WhiteElo "1375"]
[BlackElo "1672"]
[PlyCount "78"]
[EventDate "2017.01.14"]

1. e4 c6 2. d4 d5 3. e5 Bf5 4. Nc3 e6 5. g4 Bg6 6. Nge2 c5 7. Be3 cxd4 8. Bxd4
Nc6 9. Nf4 a6 10. Nxg6 hxg6 11. h3 Qc7 12. f4 Nge7 13. Bg2 Nxd4 14. Qxd4 Nc6
15. Qg1 Bb4 16. Ke2 Bxc3 17. bxc3 Na5 18. Qd4 Rc8 19. Kd2 Nc4+ 20. Kd3 Qa5 21.
Rhb1 Rc7 22. Rb3 O-O 23. Rab1 Qxa2 24. Rxb7 Rxb7 25. Rxb7 Qa1 26. Ke2 Qc1 27.
Qd3 Qxf4 28. Qd4 Qc1 29. Qd3 Nxe5 30. Qd2 Qg1 31. Bf1 Nc4 32. Qf4 Qc5 33. Rb1
a5 34. h4 e5 35. Qf2 Qa3 36. Rb3 Qc1 37. Kd3 Nb2+ 38. Ke2 Qxc2+ 39. Kf3 Qxb3
0-1

[Event "2017 Oceania Zone 3.6 Zonal Championshi"]
[Site "Auckland NZL"]
[Date "2017.01.17"]
[Round "6.6"]
[White "Garbett, Paul A"]
[Black "Dive, Russell J"]
[Result "1/2-1/2"]
[WhiteElo "2229"]
[BlackElo "2304"]
[PlyCount "87"]
[EventDate "2017.01.14"]

1. f4 d5 2. Nf3 g6 3. g3 Bg7 4. Bg2 Nf6 5. O-O O-O 6. d3 a5 7. c3 Nbd7 8. Qc2
c6 9. e4 dxe4 10. dxe4 Nc5 11. Ne5 Ng4 12. Nxg4 Bxg4 13. h3 Be6 14. Rd1 Qc8 15.
Be3 b6 16. Kh2 Rd8 17. Nd2 Qc7 18. Nf3 Bc4 19. Bd4 f6 20. b3 Bf7 21. e5 Ne6 22.
exf6 exf6 23. f5 Nf8 24. Be3 g5 25. c4 c5 26. Bf2 Rxd1 27. Rxd1 Rd8 28. a4 Rxd1
29. Qxd1 Nd7 30. Qd3 Bf8 31. Kg1 Bd6 32. Nd2 Kg7 33. Nf1 Be5 34. Be4 Qd6 35.
Qxd6 Bxd6 36. Ne3 Be5 37. Bc6 Nb8 38. Bb5 Kf8 39. Kg2 Ke7 40. Kf3 Kd6 41. Ke4
Bd4 42. Ng4 Bxf2 43. Nxf2 Bh5 44. Ng4 1/2-1/2

[Event "2017 Oceania Zone 3.6 Zonal Championshi"]
[Site "Auckland NZL"]
[Date "2017.01.17"]
[Round "6.9"]
[White "Ang, Alphaeus Wei Ern"]
[Black "Yan, Matthew"]
[Result "1/2-1/2"]
[WhiteElo "2271"]
[BlackElo "2019"]
[PlyCount "44"]
[EventDate "2017.01.14"]

1. d4 Nf6 2. c4 e6 3. Nc3 Bb4 4. e3 b6 5. Bd3 Bb7 6. Nf3 Ne4 7. O-O Bxc3 8.
bxc3 O-O 9. Ne1 f5 10. f3 Ng5 11. Qe2 d6 12. e4 fxe4 13. fxe4 Rxf1+ 14. Kxf1 e5
15. d5 Nd7 16. h4 Nf7 17. Nf3 Nf6 18. Kg1 Bc8 19. Bd2 Bg4 20. Rf1 h6 21. Qf2
Qd7 22. Nh2 Rf8 1/2-1/2

[Event "2017 Oceania Zone 3.6 Zonal Championshi"]
[Site "Auckland NZL"]
[Date "2017.01.17"]
[Round "6.33"]
[White "Chan, Anthony"]
[Black "Kumar, Viney"]
[Result "1/2-1/2"]
[WhiteElo "1881"]
[BlackElo "1703"]
[PlyCount "42"]
[EventDate "2017.01.14"]

1. c4 e6 2. e4 d5 3. exd5 exd5 4. d4 c6 5. Nf3 Nf6 6. Nc3 Be7 7. Be2 dxc4 8.
Bxc4 O-O 9. O-O Nbd7 10. Be3 Nb6 11. Bb3 Nbd5 12. Qd3 h6 13. Rad1 Bg4 14. Bc1
Bh5 15. Rfe1 Re8 16. Re5 Bg6 17. Qe2 Bd6 18. Rxe8+ Qxe8 19. Qxe8+ Rxe8 20. Nxd5
Nxd5 21. Bxd5 cxd5 1/2-1/2

[Event "2017 Oceania Zone 3.6 Zonal Championshi"]
[Site "Auckland NZL"]
[Date "2017.01.17"]
[Round "6.34"]
[White "Notley, David G"]
[Black "Cabunagan, Tito"]
[Result "1-0"]
[WhiteElo "2036"]
[BlackElo "1779"]
[PlyCount "93"]
[EventDate "2017.01.14"]

1. Nf3 d5 2. c4 Nc6 3. cxd5 Qxd5 4. g3 Bg4 5. Bg2 Qd7 6. Qb3 Rb8 7. O-O Bxf3 8.
Qxf3 e6 9. Nc3 Nf6 10. a3 Be7 11. Qf4 Bd6 12. Qa4 a6 13. b4 Ne7 14. Qxd7+ Nxd7
15. Bb2 O-O 16. Ne4 Nc8 17. Rac1 c6 18. Nxd6 Nxd6 19. Rc2 Nf5 20. Rfc1 Ne7 21.
d3 f6 22. Bd4 Nf5 23. Bb2 Nb6 24. Bh3 g6 25. e4 Ng7 26. Bd4 Nd7 27. Be3 Rbd8
28. d4 f5 29. Bg5 Rde8 30. d5 exd5 31. exd5 cxd5 32. Rc7 Ne5 33. Bg2 Nf7 34.
Be7 Ne6 35. Rxb7 Nd4 36. Rd1 Ne2+ 37. Kf1 Nc3 38. Rc1 Ne4 39. Bxf8 Rxf8 40.
Bxe4 dxe4 41. Rcc7 h5 42. h4 Kg7 43. Ra7 Kg8 44. Ke2 f4 45. gxf4 Kg7 46. Rxa6
Rd8 47. Raa7 1-0

[Event "2017 Oceania Zone 3.6 Zonal Championshi"]
[Site "Auckland NZL"]
[Date "2017.01.17"]
[Round "6.35"]
[White "Booth, Anthony J"]
[Black "Kumar, Manoj"]
[Result "0-1"]
[WhiteElo "1716"]
[BlackElo "1962"]
[PlyCount "102"]
[EventDate "2017.01.14"]

1. e4 e5 2. Nf3 Nf6 3. d3 Nc6 4. Bg5 h6 5. Bh4 Be7 6. Be2 d5 7. exd5 Nxd5 8.
Bxe7 Qxe7 9. c3 O-O 10. O-O Bf5 11. Qb3 Nf4 12. Qc2 Rad8 13. Rd1 e4 14. Ne1 Qg5
15. dxe4 Nxe2+ 16. Qxe2 Rxd1 17. Qxd1 Bxe4 18. Qe2 Bd5 19. Nd2 Be6 20. Ndf3 Qa5
21. a3 Re8 22. Nc2 Bd7 23. Qd2 Rd8 24. Qf4 Qb5 25. Nb4 a5 26. Nxc6 Bxc6 27. Ne5
Qd5 28. f3 Be8 29. c4 Qc5+ 30. Kf1 f6 31. Ng4 Rd4 32. Qe3 Qxc4+ 33. Ke1 Bf7 34.
Rc1 Qd5 35. Nf2 c5 36. Qe7 b6 37. Ne4 Bg6 38. Nc3 Qb3 39. Nd1 Kh7 40. Qe2 Rd8
41. Kf2 Bd3 42. Qd2 Qd5 43. Qe3 Bg6 44. Nc3 Qd2+ 45. Qxd2 Rxd2+ 46. Kg3 Rxb2
47. Nd5 Bf7 48. Nf4 g5 49. Nd3 Rb3 50. Ne1 Rxa3 51. Rb1 Rb3 0-1

[Event "2017 Oceania Zone 3.6 Zonal Championshi"]
[Site "Auckland NZL"]
[Date "2017.01.17"]
[Round "6.36"]
[White "Lu, Lillian"]
[Black "Nicholls, Leighton"]
[Result "0-1"]
[WhiteElo "1710"]
[BlackElo "1929"]
[PlyCount "84"]
[EventDate "2017.01.14"]

1. e4 Nf6 2. e5 Nd5 3. d4 d6 4. exd6 exd6 5. c4 Nb6 6. Nc3 Nc6 7. Be3 Be7 8. h3
Bf5 9. Nf3 Bf6 10. Be2 O-O 11. O-O Re8 12. Qd2 Qd7 13. Rac1 Rad8 14. Rfd1 d5
15. cxd5 Nxd5 16. Nxd5 Qxd5 17. Bc4 Qe4 18. Bg5 Bxh3 19. Bxf6 gxf6 20. Qc3 Bg4
21. Re1 Qf4 22. Rxe8+ Rxe8 23. Bd5 Bxf3 24. Bxf3 Nxd4 25. Qxc7 Re1+ 26. Rxe1
Nxf3+ 27. gxf3 Qxc7 28. Re2 Kg7 29. Kg2 b5 30. Re4 f5 31. Rb4 a6 32. a3 Qe5 33.
Rb3 f4 34. Rb4 Kf6 35. Kh3 a5 36. Re4 Qxb2 37. Rxf4+ Kg7 38. Kg3 Qxa3 39. Rf5
b4 40. Rf4 b3 41. Re4 b2 42. Re3 Qxe3 0-1

[Event "2017 Oceania Zone 3.6 Zonal Championshi"]
[Site "Auckland NZL"]
[Date "2017.01.17"]
[Round "6.37"]
[White "Shen, Terry"]
[Black "Hair, Philip I"]
[Result "0-1"]
[WhiteElo "1706"]
[BlackElo "1877"]
[PlyCount "100"]
[EventDate "2017.01.14"]

1. d4 Nf6 2. c4 d6 3. Nc3 c6 4. e4 e5 5. Nf3 Nbd7 6. Be2 Be7 7. O-O O-O 8. Qc2
a5 9. Rd1 Qc7 10. h3 Rb8 11. a4 Re8 12. Be3 Bf8 13. Rac1 exd4 14. Nxd4 Nc5 15.
Bf3 Be6 16. b3 h6 17. Rd2 Rbd8 18. Rcd1 Na6 19. Qb1 Nc5 20. g4 Nh7 21. Bg2 Bc8
22. Bf4 Ne6 23. Nxe6 fxe6 24. Bg3 Kh8 25. Qc2 Kg8 26. Rd3 Ng5 27. Qd2 Nf7 28.
f4 Qb6+ 29. Kh2 Qxb3 30. Bh4 Qxc4 31. Bxd8 Rxd8 32. Rd4 Qc5 33. Bf1 d5 34. e5
Qe7 35. Bg2 Qc7 36. Qc2 Nxe5 37. fxe5 Qxe5+ 38. Kh1 Bd6 39. Bf1 Rf8 40. R1d2
Rf3 41. Nb5 Bb4 42. Re2 Qf6 43. Bg2 Rf4 44. Na7 Bd7 45. Qd3 Bc5 46. Nb5 cxb5
47. axb5 Rxd4 48. Qb1 Rd1+ 49. Qxd1 Bxb5 50. Ra2 b6 0-1

[Event "2017 Oceania Zone 3.6 Zonal Championshi"]
[Site "Auckland NZL"]
[Date "2017.01.17"]
[Round "6.38"]
[White "Picken, Oliver"]
[Black "Gold, Hamish R"]
[Result "1-0"]
[WhiteElo "1853"]
[BlackElo "1792"]
[PlyCount "65"]
[EventDate "2017.01.14"]

1. e4 e6 2. Nf3 d5 3. e5 c5 4. b4 cxb4 5. a3 bxa3 6. d4 Bd7 7. c3 Nc6 8. Bd3 a6
9. Ng5 g6 10. Qg4 Nh6 11. Qf4 Nf5 12. g4 h6 13. Nxf7 Kxf7 14. gxf5 exf5 15.
Nxa3 Qa5 16. Bb2 Qb6 17. Rb1 Qd8 18. Rg1 Be7 19. Ke2 b5 20. Nc2 g5 21. Qf3 Qc8
22. Qxd5+ Be6 23. Qf3 g4 24. Rxg4 Bc4 25. Bxc4+ bxc4 26. Qd5+ Ke8 27. Rg8+ Rxg8
28. Qxg8+ Kd7 29. Qd5+ Kc7 30. Qxc4 Kb7 31. Ba3+ Ka7 32. Qc5+ Bxc5 33. Bxc5#
1-0

[Event "2017 Oceania Zone 3.6 Zonal Championshi"]
[Site "Auckland NZL"]
[Date "2017.01.17"]
[Round "6.39"]
[White "Taylor, Richard"]
[Black "Buciu, Aurel-John"]
[Result "1/2-1/2"]
[WhiteElo "1848"]
[BlackElo "1718"]
[PlyCount "40"]
[EventDate "2017.01.14"]

1. e4 d5 2. exd5 Qxd5 3. Nc3 Qd8 4. d4 Bf5 5. Nf3 Nf6 6. Bc4 e6 7. O-O c6 8. h3
h6 9. Re1 Be7 10. Bf4 Nbd7 11. Qd2 Bb4 12. Rad1 Qa5 13. g4 Be4 14. Ne5 Bd5 15.
Bd3 c5 16. Bb5 Bxc3 17. Bxd7+ Nxd7 18. bxc3 Nxe5 19. Bxe5 O-O 20. Bd6 Rfc8
1/2-1/2

[Event "2017 Oceania Zone 3.6 Zonal Championshi"]
[Site "Auckland NZL"]
[Date "2017.01.17"]
[Round "6.40"]
[White "Zhao, Isaac"]
[Black "Lim, Christopher"]
[Result "1-0"]
[WhiteElo "1838"]
[BlackElo "1691"]
[PlyCount "79"]
[EventDate "2017.01.14"]

1. Nf3 d5 2. d4 Nf6 3. Bf4 c5 4. e3 Nc6 5. Nbd2 cxd4 6. exd4 Bf5 7. c3 e6 8.
Be2 Bd6 9. Bxd6 Qxd6 10. O-O O-O 11. Nh4 Bg6 12. Nxg6 hxg6 13. Qc2 Rac8 14. Qd3
Rfe8 15. f4 Kf8 16. Qh3 Ke7 17. Rae1 Rh8 18. Qg3 Rh6 19. Bd3 Kd7 20. h3 Rhh8
21. Qe3 a6 22. Nb3 Kc7 23. Nc5 Nd7 24. b4 Nxc5 25. dxc5 Qd7 26. Qd2 Na7 27. Qe2
Nc6 28. a4 d4 29. b5 Ne7 30. Qe5+ Kd8 31. Qxg7 Rg8 32. Qxf7 Re8 33. Rxe6 Rxc5
34. Qf6 Kc8 35. c4 a5 36. Rfe1 Rc7 37. Bxg6 Rd8 38. Rxe7 Qd6 39. Qxd6 Rxd6 40.
Re8+ 1-0

[Event "2017 Oceania Zone 3.6 Zonal Championshi"]
[Site "Auckland NZL"]
[Date "2017.01.17"]
[Round "6.41"]
[White "Maligin, William"]
[Black "Renjith, Sravan"]
[Result "1-0"]
[WhiteElo "1834"]
[BlackElo "1612"]
[PlyCount "83"]
[EventDate "2017.01.14"]

1. d4 Nf6 2. c4 e6 3. Nc3 d5 4. cxd5 exd5 5. Bg5 Be7 6. e3 O-O 7. Bd3 h6 8. Bf4
Bd6 9. Bxd6 Qxd6 10. Qc2 c6 11. Nge2 Re8 12. Ng3 Be6 13. O-O Nbd7 14. Rab1 Rac8
15. Rfc1 b6 16. Ba6 Rcd8 17. b4 Nb8 18. Bd3 Rc8 19. Nf5 Bxf5 20. Bxf5 Nbd7 21.
a4 Kh8 22. h3 g6 23. Bd3 Nf8 24. Ba6 Rcd8 25. Ne2 N6d7 26. Bb7 Rc8 27. Bxc8
Rxc8 28. Qd3 Nb8 29. Nf4 g5 30. Qf5 Rc7 31. Nh5 Nh7 32. b5 Kg8 33. Rc2 Nd7 34.
bxc6 Rxc6 35. Rbc1 Rxc2 36. Rxc2 Ndf8 37. Rc8 a6 38. Ra8 Qc7 39. Nf6+ Nxf6 40.
Qxf6 a5 41. Qxh6 Qe7 42. Qxb6 1-0

[Event "2017 Oceania Zone 3.6 Zonal Championshi"]
[Site "Auckland NZL"]
[Date "2017.01.17"]
[Round "6.42"]
[White "Eade, Don"]
[Black "Oka, Hikaru"]
[Result "1-0"]
[WhiteElo "1831"]
[BlackElo "1559"]
[PlyCount "41"]
[EventDate "2017.01.14"]

1. e4 c5 2. Nf3 d6 3. d4 cxd4 4. Nxd4 Nf6 5. Nc3 g6 6. Be3 Bg7 7. Bc4 Nc6 8. f3
O-O 9. Qd2 a6 10. O-O-O Bd7 11. h4 b5 12. Bb3 Qa5 13. h5 Rfc8 14. hxg6 hxg6 15.
Bh6 Bh8 16. Qg5 Ne5 17. Bf8 Nh7 18. Rxh7 Kxh7 19. Rh1+ Kg8 20. Rxh8+ Kxh8 21.
Qh6+ 1-0

[Event "2017 Oceania Zone 3.6 Zonal Championshi"]
[Site "Auckland NZL"]
[Date "2017.01.17"]
[Round "6.43"]
[White "Shen, Kevin"]
[Black "Lin, Kerry"]
[Result "0-1"]
[WhiteElo "1672"]
[BlackElo "1828"]
[PlyCount "116"]
[EventDate "2017.01.14"]

1. d4 f5 2. c4 e6 3. Nc3 Nf6 4. Nf3 b6 5. e3 Bb7 6. Bd3 Bb4 7. Qc2 Qe7 8. Bd2
Bxc3 9. Bxc3 Be4 10. Bxe4 Nxe4 11. Nd2 Nxc3 12. Qxc3 O-O 13. O-O-O c6 14. Rdg1
d5 15. Kb1 Nd7 16. f4 Nf6 17. h3 Rac8 18. g4 c5 19. gxf5 exf5 20. Qd3 Rfe8 21.
Qxf5 cxd4 22. exd4 dxc4 23. Rc1 Qb4 24. Rhg1 Kh8 25. Qg5 Re7 26. Ne4 Rf8 27.
Ng3 Ref7 28. Nh5 Nxh5 29. Qxh5 Rxf4 30. Qe5 R4f6 31. Qc7 R6f7 32. Qxc4 Qd6 33.
d5 Rd7 34. Rgd1 Rfd8 35. Qa4 h6 36. Rc6 Qe5 37. Re6 Qf5+ 38. Qe4 Qxe4+ 39. Rxe4
Rxd5 40. Rxd5 Rxd5 41. Kc2 Rf5 42. Re3 Kh7 43. Rg3 Rf2+ 44. Kc3 g5 45. Rd3 Kg6
46. a3 Rf4 47. b3 Kh5 48. Kc2 Kh4 49. Kd2 Rf2+ 50. Ke1 Rh2 51. Rd6 h5 52. Rd7
Rxh3 53. Rxa7 Rxb3 54. Ra4+ Kh3 55. Ra8 g4 56. Rh8 h4 57. Rc8 Rxa3 58. Rc2 g3
0-1

[Event "2017 Oceania Zone 3.6 Zonal Championshi"]
[Site "Auckland NZL"]
[Date "2017.01.17"]
[Round "6.44"]
[White "Dragalchuk, Vladislav"]
[Black "Dias, Douglas"]
[Result "1/2-1/2"]
[WhiteElo "1800"]
[BlackElo "1399"]
[PlyCount "30"]
[EventDate "2017.01.14"]

1. Nf3 c5 2. c4 Nc6 3. Nc3 Nf6 4. g3 g6 5. Bg2 Bg7 6. O-O O-O 7. d3 a6 8. a3
Rb8 9. Qc2 d6 10. Rb1 b5 11. cxb5 axb5 12. b4 cxb4 13. axb4 Bd7 14. d4 Bg4 15.
Qd2 Qc8 1/2-1/2